[Event "TE.2005.S.02004"]
[Site "IECG"]
[Date "2007.12.08"]
[Round "?"]
[White "Baer, Werner"]
[Black "Roman, Adrenalyn"]
[Result "1/2-1/2"]
[WhiteElo "1939"]
[BlackElo "1840"]
[PlyCount "128"]
[EventDate "2007.12.08"]
[EventType "tourn (corr)"]
[SourceTitle "OM Corr 202003"]
[Source "Opening Master"]
[SourceDate "2019.05.30"]
[SourceVersion "2"]
[SourceVersionDate "2019.05.30"]
[SourceQuality "1"]

1. e4 e5 2. Nf3 Nc6 3. c3 Nf6 4. d4 d5 5. Bb5 exd4 6. e5 Ne4 7. Nxd4 Bd7 8. O-O
Be7 9. Nc2 a6 10. Qxd5 Nc5 11. Be2 Be6 12. Qf3 Nxe5 13. Qg3 Bf6 14. Bf4 Ng6 15.
Bxc7 Ne4 16. Bxd8 Nxg3 17. hxg3 Rxd8 18. Rd1 Rxd1+ 19. Bxd1 Ke7 20. f4 Rd8 21.
Bf3 Kf8 22. Bxb7 Rb8 23. Bxa6 Rxb2 24. Bd3 Bc4 25. Be4 Bxa2 26. Ne3 Bd8 27. Kh2
Bb6 28. Nf5 Ne7 29. Nd6 Bc7 30. Nb5 Rxb5 31. Rxa2 Rh5+ 32. Kg1 f5 33. Bd3 Bb6+
34. Kf1 Rh1+ 35. Ke2 Rg1 36. Ra8+ Kf7 37. Bc4+ Kg6 38. Nd2 Rxg2+ 39. Kd1 Rxg3
40. Ra6 Nc8 41. Kc2 Re3 42. Bb5 Re7 43. Nc4 Ra7 44. Nxb6 Rxa6 45. Nxc8 Ra5 46.
Nd6 Kf6 47. c4 Ke6 48. Nb7 Ra7 49. Nc5+ Ke7 50. Na6 h5 51. Kd2 h4 52. Ke3 Rb7
53. Nb4 Kf6 54. Nd5+ Kg6 55. Kf3 Kh5 56. Ne3 g6 57. Nc2 h3 58. Kg3 h2 59. Kxh2
Kg4 60. Nd4 Kxf4 61. Ne6+ Ke5 62. Nc5 Re7 63. Kg3 Kd4 64. Na6 Ke3 1/2-1/2

[Event "TE.2005.S.02004"]
[Site "IECG"]
[Date "2007.12.08"]
[Round "?"]
[White "Schloegl, Dietrich"]
[Black "Zielinski, Sergej"]
[Result "0-1"]
[WhiteElo "1721"]
[BlackElo "2242"]
[PlyCount "67"]
[EventDate "2007.12.08"]
[EventType "tourn (corr)"]
[SourceTitle "OM Corr 202003"]
[Source "Opening Master"]
[SourceDate "2019.05.30"]
[SourceVersion "2"]
[SourceVersionDate "2019.05.30"]
[SourceQuality "1"]

1. e4 e5 2. Nf3 Nc6 3. c3 Nf6 4. d4 Nxe4 5. d5 Ne7 6. Nxe5 Ng6 7. Qe2 Qe7 8.
Qxe4 Qxe5 9. Qxe5+ Nxe5 10. Bf4 d6 11. Nd2 Be7 12. Bb5+ Bd7 13. Bxd7+ Kxd7 14.
Bxe5 dxe5 15. Nc4 e4 16. Ne5+ Ke8 17. f3 f6 18. Nc4 exf3 19. gxf3 Kd7 20. O-O-O
Rae8 21. Na5 b5 22. Nc6 Bc5 23. Rhe1 Bf2 24. Rxe8 Rxe8 25. Kc2 Re2+ 26. Rd2
Rxd2+ 27. Kxd2 Kd6 28. a4 bxa4 29. c4 h5 30. Ke2 Bb6 31. h3 g5 32. Kd2 f5 33.
Kd3 h4 34. Ke2 0-1

[Event "Porec op"]
[Site "Porec"]
[Date "2007.12.07"]
[Round "4"]
[White "Fiskus, Zeljko"]
[Black "Oljaca, Manuel2"]
[Result "0-1"]
[WhiteElo "1955"]
[BlackElo "1975"]
[PlyCount "62"]
[EventDate "2007.12.06"]
[EventType "swiss"]
[EventRounds "7"]
[EventCountry "CRO"]
[SourceTitle "CBM 121 Extra"]
[Source "ChessBase"]
[SourceDate "2008.01.10"]
[SourceVersion "1"]
[SourceVersionDate "2008.01.10"]
[SourceQuality "1"]

1. e4 e5 2. Nf3 Nc6 3. c3 d5 4. exd5 Qxd5 5. d4 exd4 6. cxd4 Bg4 7. Nc3 Bb4 8.
Qd3 Bxf3 9. gxf3 Qxd4 10. Bd2 O-O-O 11. Qf5+ Kb8 12. O-O-O Bxc3 13. bxc3 Qxf2
14. Bb5 Nge7 15. Qxf7 Qc5 16. Bxc6 Nxc6 17. Qxg7 Nb4 18. Bg5 Rde8 19. Kb2 Reg8
20. Qe7 Qf2+ 21. Rd2 Qxf3 22. Rhd1 Nc6 23. Qc5 Re8 24. Bh4 Re2 25. Bg3 Rd8 26.
Qg5 Qd3 27. Bf4 b6 28. Kb3 Na5+ 29. Kb2 Nc4+ 30. Kb3 Nxd2+ 31. Bxd2 Rxd2 0-1

[Event "TE.2005.S.02005"]
[Site "IECG"]
[Date "2007.12.07"]
[Round "?"]
[White "Buczinski, Henryk"]
[Black "Law, Steve"]
[Result "1-0"]
[WhiteElo "2147"]
[BlackElo "1720"]
[PlyCount "49"]
[EventDate "2007.12.08"]
[EventType "tourn (corr)"]
[SourceTitle "OM Corr 202003"]
[Source "Opening Master"]
[SourceDate "2019.05.30"]
[SourceVersion "2"]
[SourceVersionDate "2019.05.30"]
[SourceQuality "1"]

1. e4 e5 2. Nf3 Nc6 3. c3 d5 4. Qa4 Nf6 5. Nxe5 Bd6 6. Nxc6 bxc6 7. d3 O-O 8.
Be2 Re8 9. Nd2 Bd7 10. Qc2 Qe7 11. O-O dxe4 12. dxe4 Nxe4 13. Nxe4 Qxe4 14.
Qxe4 Rxe4 15. Bf3 Re7 16. Be3 Rb8 17. Bxa7 Rxb2 18. a4 c5 19. a5 Bb5 20. Rab1
Rxb1 21. Rxb1 c6 22. Bb6 f6 23. g3 Kf7 24. Rd1 Ke6 25. Ra1 1-0

[Event "10. Prvenstvo SK Zeta"]
[Site "Podgorica"]
[Date "2007.12.05"]
[Round "4"]
[White "Petrusic, Goran"]
[Black "Stamatovic, Vladimir"]
[Result "1-0"]
[WhiteElo "2008"]
[BlackElo "2075"]
[PlyCount "177"]
[EventDate "2007.??.??"]
[EventRounds "10"]
[EventCountry "YUG"]
[SourceTitle "OM OTB B 201907"]
[Source "Opening Master"]
[SourceDate "2019.07.06"]
[SourceVersion "2"]
[SourceVersionDate "2019.07.06"]
[SourceQuality "1"]

1. e4 e5 2. Nf3 Nc6 3. c3 d5 4. Qa4 dxe4 5. Nxe5 Qd6 6. Nxc6 bxc6 7. Qxe4+ Be7
8. d4 Nf6 9. Qf3 Bg4 10. Qg3 Qd7 11. f3 Bf5 12. Bc4 Bd6 13. Qf2 O-O 14. O-O
Rae8 15. Bg5 Nd5 16. Nd2 h6 17. Bxd5 cxd5 18. Be3 Qe6 19. Rfe1 Qg6 20. Nb3 c6
21. Bd2 Bc7 22. Nc5 Qd6 23. g3 Qg6 24. Rxe8 Rxe8 25. Re1 Rf8 26. Re2 h5 27. Kh1
Bh3 28. b4 Qb1+ 29. Qe1 Qf5 30. Re3 a5 31. Nd3 axb4 32. Nxb4 Kh7 33. Nxc6 Re8
34. Nb4 g5 35. Kg1 Rg8 36. Re7 Bd6 37. Re3 Bf4 38. Re7 Bd6 39. Re3 Bf4 40. Re7
Rd8 41. Kf2 h4 42. gxf4 gxf4 43. Qe5 Qg6 44. Qxf4 Qg2+ 45. Ke3 Qg1+ 46. Kd3
Qb1+ 47. Ke2 Qf1+ 48. Ke3 Qg1+ 49. Ke2 Qf1+ 50. Ke3 Qg1+ 51. Kd3 Qb1+ 52. Nc2
Qf1+ 53. Re2 Rg8 54. Qxf7+ Rg7 55. Qh5+ Kg8 56. Qxd5+ Kh7 57. Qe4+ Kg8 58. d5
Bg2 59. Qe8+ Kh7 60. Qe4+ Kg8 61. Qe6+ Kh7 62. Qf5+ Kg8 63. Qe6+ Kh7 64. Qe5
Kg8 65. Qe6+ Kh7 66. Nd4 Qb1+ 67. Ke3 Qg1+ 68. Rf2 h3 69. Nf5 Ra7 70. Qh6+ Kg8
71. Qg6+ Kh8 72. Qf6+ Kh7 73. Qh6+ Kg8 74. Qe6+ Kh8 75. d6 Qb1 76. Qh6+ Kg8 77.
Ne7+ Kf7 78. Qf4+ Ke8 79. Re2 Qg1+ 80. Rf2 Qb1 81. Qe5 Qb6+ 82. Qd4 Qa6 83. Kf4
Qxa2 84. Re2 Kd7 85. Nd5 Ra4 86. Nb6+ Kd8 87. Re8+ Kxe8 88. Qxa4+ Qxa4+ 89.
Nxa4 1-0

[Event "Pamplona 2nd"]
[Site "Pamplona"]
[Date "2007.12.04"]
[Round "4"]
[White "Ninov, Nikolai"]
[Black "Garbisu de Goni, Unai"]
[Result "1/2-1/2"]
[WhiteElo "2518"]
[BlackElo "2462"]
[PlyCount "35"]
[EventDate "2007.12.02"]
[EventType "tourn"]
[EventRounds "9"]
[EventCountry "ESP"]
[EventCategory "6"]
[SourceTitle "CBM 121 Extra"]
[Source "ChessBase"]
[SourceDate "2008.01.10"]
[SourceVersion "1"]
[SourceVersionDate "2008.01.10"]
[SourceQuality "1"]

1. e4 e5 2. Nf3 Nc6 3. c3 Nf6 4. d4 exd4 5. e5 Nd5 6. Qb3 Nb6 7. cxd4 d6 8. Bb5
Bd7 9. O-O Be7 10. exd6 cxd6 11. d5 Ne5 12. Nxe5 dxe5 13. Nc3 O-O 14. d6 Bxd6
15. Bxd7 Qxd7 16. Be3 Rfc8 17. Nb5 Rc6 18. Nxa7 1/2-1/2

[Event "LTU-chT 0708"]
[Site "Lithuania"]
[Date "2007.12.02"]
[Round "4"]
[White "Starostits, Ilmars"]
[Black "Sulskis, Sarunas"]
[Result "0-1"]
[WhiteElo "2511"]
[BlackElo "2527"]
[PlyCount "118"]
[EventDate "2007.09.30"]
[EventType "team"]
[EventRounds "9"]
[EventCountry "LTU"]
[SourceTitle "EXT 2009"]
[Source "ChessBase"]
[SourceDate "2008.11.26"]
[SourceVersion "1"]
[SourceVersionDate "2008.11.26"]
[SourceQuality "1"]

1. e4 e5 2. Nf3 Nc6 3. c3 Nf6 4. d4 Nxe4 5. d5 Ne7 6. Nxe5 Ng6 7. Qf3 Nf6 8.
Nxg6 hxg6 9. Be3 c6 10. Bc4 Rh5 11. Nd2 Nxd5 12. g4 Re5 13. O-O d6 14. Bd4 Qg5
15. Bxe5 dxe5 16. Bxd5 cxd5 17. Qxd5 Bxg4 18. Ne4 Bf3+ 19. Nxg5 Bxd5 20. Rfd1
Bc6 21. Re1 f6 22. Ne6 Bd6 23. Rad1 Kd7 24. Nc5+ Ke7 25. Ne4 Bc7 26. c4 Rh8 27.
Nc3 Ba5 28. Re3 Rh4 29. Nd5+ Ke6 30. Ra3 Bb6 31. Nxb6 axb6 32. Rc3 g5 33. b4
Rg4+ 34. Kf1 b5 35. a4 bxa4 36. b5 Rxc4 37. Rxc4 Bxb5 38. Ke2 Bxc4+ 39. Kd2 b5
40. Kc3 a3 41. Rd8 Kf5 42. Rd7 g6 43. Rd6 g4 44. Ra6 a2 45. Kb2 e4 46. Rc6 g5
47. Rc5+ Kf4 48. Rc6 f5 49. Rc5 e3 50. fxe3+ Ke4 51. Ka1 f4 52. Rxg5 f3 53.
Rxg4+ Kxe3 54. Rg3 Kf4 55. Rg6 Kf5 56. Rg3 Kf4 57. Rg6 f2 58. Rf6+ Ke3 59. h4
f1=Q+ 0-1

[Event "Czech League 2007/08 (2nd) (a)"]
[Site "Czech Republic"]
[Date "2007.12.02"]
[Round "4"]
[White "Nejdl, Eduard"]
[Black "Hruby, Milan"]
[Result "1/2-1/2"]
[WhiteElo "1975"]
[BlackElo "2094"]
[PlyCount "33"]
[EventDate "2007.??.??"]
[EventRounds "5"]
[SourceTitle "OM OTB B 201907"]
[Source "Opening Master"]
[SourceDate "2019.07.06"]
[SourceVersion "2"]
[SourceVersionDate "2019.07.06"]
[SourceQuality "1"]

1. e4 e5 2. Nf3 Nc6 3. c3 Nf6 4. d4 Nxe4 5. d5 Ne7 6. Nxe5 Ng6 7. Nd3 Be7 8.
Be2 O-O 9. O-O d6 10. f3 Nf6 11. c4 c6 12. Nc3 Qa5 13. Be3 cxd5 14. b4 Qc7 15.
Nxd5 Nxd5 16. cxd5 Bf6 17. Rc1 1/2-1/2

[Event "Porto Sant Elpidio op-B 10th"]
[Site "Porto Sant Elpidio"]
[Date "2007.12.01"]
[Round "4"]
[White "Giampieri, Stefano"]
[Black "Cataldi, Cristiano"]
[Result "0-1"]
[WhiteElo "1392"]
[BlackElo "1709"]
[PlyCount "124"]
[EventDate "2007.11.24"]
[EventType "swiss"]
[EventRounds "6"]
[EventCountry "ITA"]
[SourceTitle "EXT 2010"]
[Source "ChessBase"]
[SourceDate "2009.11.30"]
[SourceVersion "1"]
[SourceVersionDate "2009.11.30"]
[SourceQuality "1"]

1. e4 e5 2. Nf3 Nc6 3. c3 Nf6 4. Qc2 Bc5 5. Bb5 d6 6. Bxc6+ bxc6 7. d4 Bb6 8.
h3 Ba6 9. dxe5 dxe5 10. Nxe5 Qe7 11. Nxc6 Qxe4+ 12. Qxe4+ Nxe4 13. Be3 Ng3 14.
fxg3 Bxe3 15. Nb4 Bb7 16. Nc2 Bc1 17. Nd2 Bxd2+ 18. Kxd2 O-O-O+ 19. Kc1 Bxg2
20. Rh2 Bf3 21. b3 Rhe8 22. Kb2 Rd1 23. Rxd1 Bxd1 24. Nd4 g5 25. g4 Re3 26. Rh1
Bf3 27. Nxf3 Rxf3 28. h4 h6 29. hxg5 hxg5 30. Rh8+ Kd7 31. Ra8 Rf4 32. Rxa7
Rxg4 33. a4 Rg2+ 34. Ka3 g4 35. Ra8 Rc2 36. Rg8 f5 37. Kb4 Rg2 38. Kb5 f4 39.
a5 f3 40. a6 Ke7 41. a7 f2 42. Re8+ Kd6 43. Rd8+ Ke7 44. Rd1 Rg1 45. a8=Q Rxd1
46. Qe4+ Kd8 47. Qa8+ Ke7 48. Qa3+ Kd7 49. Qa4 f1=Q+ 50. Ka5+ Kd8 51. Kb4 Qf4+
52. Kc5 Qxa4 53. bxa4 g3 54. a5 g2 55. Kb4 g1=Q 56. Kb5 Rb1+ 57. Kc4 Qf1+ 58.
Kd4 Kd7 59. Ke3 Rd1 60. Ke4 Rd3 61. a6 Qf3+ 62. Ke5 Rd5# 0-1

[Event "Rijeka op"]
[Site "Rijeka"]
[Date "2007.11.29"]
[Round "6"]
[White "Cucancic, Sinisa"]
[Black "Segovic, Goran"]
[Result "1-0"]
[WhiteElo "2232"]
[BlackElo "2076"]
[PlyCount "57"]
[EventDate "2007.11.25"]
[EventType "swiss"]
[EventRounds "9"]
[EventCountry "CRO"]
[SourceTitle "CBM 121 Extra"]
[Source "ChessBase"]
[SourceDate "2008.01.10"]
[SourceVersion "1"]
[SourceVersionDate "2008.01.10"]
[SourceQuality "1"]

1. e4 e5 2. Nf3 Nc6 3. c3 d5 4. Qa4 f6 5. Bb5 Nge7 6. exd5 Qxd5 7. O-O Bd7 8.
d4 a6 9. c4 Qf7 10. d5 Nb8 11. Bxd7+ Nxd7 12. Nc3 Nf5 13. b4 Rd8 14. c5 Be7 15.
Rd1 O-O 16. Ne4 Rfe8 17. Bb2 Bf8 18. Rd2 Qg6 19. Qc2 Nh6 20. Rad1 Nf7 21. Qc4
b5 22. Qe2 Kh8 23. d6 cxd6 24. Nh4 Qh6 25. Nf5 Qg6 26. Nfxd6 Nxd6 27. Nxd6 Bxd6
28. Rxd6 Qf7 29. c6 1-0

[Event "TE.2005.S.02005"]
[Site "IECG"]
[Date "2007.11.29"]
[Round "?"]
[White "Jordaan, Wayne"]
[Black "Gonzalez, Alejandro Raul"]
[Result "0-1"]
[WhiteElo "1713"]
[BlackElo "1888"]
[PlyCount "65"]
[EventDate "2007.12.08"]
[EventType "tourn (corr)"]

1. e4 e5 2. Nf3 Nc6 3. c3 d5 4. Bb5 dxe4 5. Nxe5 Qd5 6. Qa4 Nge7 7. Nxc6 Nxc6
8. c4 Qe6 9. Bxc6+ Qxc6 10. Qxc6+ bxc6 11. O-O Bf5 12. Re1 O-O-O 13. b3 Bc5 14.
Bb2 f6 15. a3 Rhe8 16. h3 Rd3 17. b4 Bd6 18. c5 Bf4 19. Bc3 Kb7 20. Ra2 Be6 21.
Rc2 Bd5 22. Rb2 a6 23. g3 Bh6 24. Kh2 f5 25. Rf1 f4 26. Re1 fxg3+ 27. fxg3 Rf8
28. Be5 Rf2+ 29. Kg1 Rdf3 30. Nc3 Bxd2 31. Nxd5 Bxe1 32. Nxc7 Rxb2 33. Bxb2 0-1

[Event "TE.2005.S.02005"]
[Site "IECG"]
[Date "2007.11.29"]
[Round "?"]
[White "Jordaan, Wayne"]
[Black "Law, Steve"]
[Result "1-0"]
[WhiteElo "1713"]
[BlackElo "1720"]
[PlyCount "25"]
[EventDate "2007.12.08"]
[EventType "tourn (corr)"]
[SourceTitle "OM Corr 202003"]
[Source "Opening Master"]
[SourceDate "2019.05.30"]
[SourceVersion "2"]
[SourceVersionDate "2019.05.30"]
[SourceQuality "1"]

1. e4 e5 2. Nf3 Nc6 3. c3 d5 4. Bb5 dxe4 5. Nxe5 Qg5 6. Qa4 Qxg2 7. Bxc6+ bxc6
8. Qxc6+ Kd8 9. Qd5+ Bd6 10. Nxf7+ Kd7 11. Rf1 c6 12. Ne5+ Kc7 13. Qxc6+ 1-0

[Event "KP 2007/2008 Opava-Frydek-Mistek"]
[Site "Opava"]
[Date "2007.11.25"]
[Round "3.6"]
[White "Kocur, Ales"]
[Black "Pardy, Martin"]
[Result "0-1"]
[WhiteElo "1937"]
[BlackElo "2008"]
[PlyCount "36"]
[EventDate "2007.??.??"]
[EventType "tourn"]
[EventCountry "CZE"]
[SourceTitle "OM OTB B 201907"]
[Source "Opening Master"]
[SourceDate "2019.07.06"]
[SourceVersion "2"]
[SourceVersionDate "2019.07.06"]
[SourceQuality "1"]

1. e4 e5 2. Nf3 Nc6 3. c3 d5 4. Bb5 dxe4 5. Nxe5 Qd5 6. Qa4 Nge7 7. Nxc6 Nxc6
8. O-O Bd7 9. Re1 O-O-O 10. Rxe4 Bd6 11. d3 Rhe8 12. Be3 Rxe4 13. dxe4 Qh5 14.
f4 Bc5 15. Kf2 Qh4+ 16. g3 Qxh2+ 17. Kf3 Bxe3 18. Kxe3 Bg4 0-1

[Event "FRA-chT2 East 0708"]
[Site "France"]
[Date "2007.11.25"]
[Round "3.5"]
[White "Staeger, Pascal"]
[Black "Sermier, Alain"]
[Result "1-0"]
[WhiteElo "2085"]
[BlackElo "2099"]
[PlyCount "107"]
[EventDate "2007.10.21"]
[EventType "team"]
[EventRounds "11"]
[EventCountry "FRA"]
[SourceTitle "EXT 2009"]
[Source "ChessBase"]
[SourceDate "2008.11.26"]
[SourceVersion "1"]
[SourceVersionDate "2008.11.26"]
[SourceQuality "1"]
[WhiteTeam "Metz Fischer II"]
[BlackTeam "Besancon TPG II"]
[WhiteTeamCountry "FRA"]
[BlackTeamCountry "FRA"]

1. e4 e5 2. Nf3 Nc6 3. c3 d5 4. Qa4 Bd7 5. exd5 Nd4 6. Qd1 Nxf3+ 7. Qxf3 Nf6 8.
Bc4 e4 9. Qe2 Bd6 10. d4 O-O 11. Bg5 h6 12. Bh4 Re8 13. Nd2 b5 14. Bb3 g5 15.
Bg3 e3 16. fxe3 Bxg3+ 17. hxg3 Ng4 18. e4 a5 19. O-O-O f6 20. Nf1 Kg7 21. Nh2
Qc8 22. Rdf1 Ra6 23. Nxg4 Bxg4 24. Qd3 Rb6 25. Bc2 Qd7 26. Rf2 Re7 27. Rhf1 a4
28. c4 bxc4 29. Qxc4 a3 30. b3 Rd6 31. Qd3 Rb6 32. e5 f5 33. Qc4 Qb5 34. Bd3
Qa5 35. Bxf5 Bh5 36. Qc5 Qxc5+ 37. dxc5 Rb5 38. Rc2 Rxe5 39. Bd7 Ra5 40. b4 Ra7
41. Bc6 Bf7 42. Rd2 Be8 43. Bxe8 Rxe8 44. Kc2 Rb7 45. Rb1 Re4 46. Kc3 Kf7 47.
c6 Rb8 48. b5 Ke7 49. Rb4 Re5 50. b6 Kd6 51. b7 Rxd5 52. Rxd5+ Kxd5 53. Rc4 Rd8
54. Kb3 1-0

[Event "chT Asturias Equipos 1|_"]
[Site "Asturias"]
[Date "2007.11.24"]
[Round "9.5"]
[White "Bertault Lopez, Santiago"]
[Black "Arabi, Ahmed"]
[Result "0-1"]
[WhiteElo "1979"]
[BlackElo "2028"]
[PlyCount "72"]
[EventDate "2007.09.29"]
[EventRounds "11"]
[EventCountry "ESP"]
[SourceTitle "OM OTB B 201907"]
[Source "Opening Master"]
[SourceDate "2019.07.06"]
[SourceVersion "2"]
[SourceVersionDate "2019.07.06"]
[SourceQuality "1"]

1. e4 e5 2. Nf3 Nc6 3. c3 d5 4. Bb5 dxe4 5. Bxc6+ bxc6 6. Nxe5 Qd5 7. d4 exd3
8. O-O Be6 9. Qa4 Ne7 10. Bf4 g5 11. Bg3 h5 12. c4 Qd4 13. Nf3 Qxc4 14. Qxc4
Bxc4 15. Nbd2 Bb5 16. Nxg5 Bg7 17. Bxc7 Bxb2 18. Rab1 Bc3 19. Nde4 Nd5 20. Nd6+
Ke7 21. Nxb5 cxb5 22. Ne4 b4 23. Bd6+ Kd7 24. Rfd1 d2 25. Bc5 Kc6 26. Be3 Nxe3
27. fxe3 Rad8 28. a3 a5 29. axb4 axb4 30. Rb3 Rd3 31. Kf2 f5 32. Ng3 f4 33. Nf1
fxe3+ 34. Ke2 Rhd8 35. Nxe3 Kb5 36. Ra1 Rxe3+ 0-1

[Event "FICS rated standard game"]
[Site "FICS freechess.org"]
[Date "2007.11.24"]
[Round "?"]
[White "Evolvd"]
[Black "kinjuju"]
[Result "1-0"]
[WhiteElo "2345"]
[BlackElo "2087"]
[PlyCount "101"]
[EventDate "2007.??.??"]
[SourceTitle "OM Portal C 201906"]
[Source "Opening Master"]
[SourceDate "2019.06.27"]
[SourceVersion "1"]
[SourceVersionDate "2019.06.27"]
[SourceQuality "1"]

1. e4 e5 2. Nf3 Nc6 3. c3 d5 4. Bb5 dxe4 5. Nxe5 Qd5 6. Qa4 Nge7 7. Nxc6 Nxc6
8. c4 Qe6 9. Bxc6+ bxc6 10. Nc3 Qg6 11. Nd5 Kd8 12. Nf4 Qd6 13. Ne2 Be7 14. O-O
Re8 15. Re1 Bd7 16. c5 Qxc5 17. Qxe4 Bf6 18. Qxh7 Qb5 19. Kf1 Bf5 20. Qh5 Bd3
21. Qg4 Rb8 22. f4 Qc4 23. Kf2 Qe4 24. Kf1 Bxb2 25. Bxb2 Rxb2 26. Rad1 Rxa2 27.
Qh5 Qxf4+ 28. Kg1 Qf6 29. Nc3 Rxd2 30. Rxe8+ Kxe8 31. Qh8+ Kd7 32. Qh3+ Kd6 33.
Qg3+ Kc5 34. Qe3+ Kb4 35. Qxd2 Qd4+ 36. Kh1 Qxc3 37. Qxd3 Qxd3 38. Rxd3 a5 39.
Rg3 g6 40. Rf3 a4 41. g4 a3 42. h4 a2 43. Rf1 c5 44. h5 gxh5 45. gxh5 Kb3 46.
h6 c4 47. h7 c3 48. h8=Q f6 49. Qg8+ Kb2 50. Ra1 Kxa1 51. Qb3 1-0

[Event "Wch U14"]
[Site "Kemer"]
[Date "2007.11.22"]
[Round "5"]
[White "Toksoz, Levent"]
[Black "Corlatescu, Dragos Georgian"]
[Result "0-1"]
[WhiteElo "1911"]
[BlackElo "2081"]
[PlyCount "74"]
[EventDate "2007.11.18"]
[EventType "swiss"]
[EventRounds "11"]
[EventCountry "TUR"]
[SourceTitle "CBM 121 Extra"]
[Source "ChessBase"]
[SourceDate "2008.01.10"]
[SourceVersion "1"]
[SourceVersionDate "2008.01.10"]
[SourceQuality "1"]

1. e4 e5 2. Nf3 Nc6 3. c3 Nf6 4. d4 exd4 5. e5 Ne4 6. Qe2 Nc5 7. cxd4 Ne6 8. d5
Ned4 9. Nxd4 Nxd4 10. Qe4 c5 11. d6 g6 12. h4 Bg7 13. h5 O-O 14. hxg6 hxg6 15.
Bc4 Re8 16. Qh4 Rxe5+ 17. Kf1 Qf6 18. Qh7+ Kf8 19. Bd3 Nf5 20. Rh3 Nxd6 21. Bd2
c4 22. Bc2 Nb5 23. Rf3 Qe7 24. Bxg6 Bf6 25. Bf5 Qd6 26. Rg3 b6 27. a3 a5 28. a4
Nd4 29. Rg8+ Ke7 30. Bh6 Bb7 31. Rxa8 Bxa8 32. Qg8 Ne6 33. Nc3 Rxf5 34. Qxa8
Rh5 35. g3 Bxc3 36. Bf4 Qd3+ 37. Kg1 Nd4 0-1

[Event "SLO-chT1 East"]
[Site "Celje"]
[Date "2007.11.21"]
[Round "7"]
[White "Pleic, Jure"]
[Black "Tomazic, Martin"]
[Result "0-1"]
[WhiteElo "1772"]
[BlackElo "1720"]
[PlyCount "54"]
[EventDate "2007.11.11"]
[EventType "team-tourn"]
[EventRounds "9"]
[EventCountry "SLO"]
[SourceTitle "EXT 2010"]
[Source "ChessBase"]
[SourceDate "2009.11.30"]
[SourceVersion "1"]
[SourceVersionDate "2009.11.30"]
[SourceQuality "1"]

1. e4 e5 2. Nf3 Nc6 3. c3 Nf6 4. d3 d5 5. exd5 Nxd5 6. Bg5 Be7 7. Bxe7 Qxe7 8.
Be2 Nf4 9. O-O Bf5 10. g3 Nxe2+ 11. Qxe2 O-O-O 12. d4 Bg4 13. Re1 Qf6 14. Nbd2
exd4 15. Qe4 Bxf3 16. Nxf3 dxc3 17. bxc3 Rhe8 18. Qg4+ Kb8 19. Rec1 Rd3 20. Ng5
Ne5 21. Qa4 Red8 22. Ne4 Qh6 23. h4 Nf3+ 24. Kg2 Qh5 25. Rab1 Nd2 26. Nxd2 R8d7
27. Rb5 Qe2 0-1

[Event "LSS OP-2007-0-00412"]
[Site "LSS email"]
[Date "2007.11.20"]
[Round "?"]
[White "McDonald, Graham R"]
[Black "Petersen, Hans"]
[Result "0-1"]
[WhiteElo "1816"]
[BlackElo "1763"]
[PlyCount "102"]
[EventDate "2007.11.20"]
[EventType "tourn (corr)"]
[EventRounds "4"]
[SourceTitle "OM Corr 202003"]
[Source "Opening Master"]
[SourceDate "2019.05.30"]
[SourceVersion "2"]
[SourceVersionDate "2019.05.30"]
[SourceQuality "1"]

1. e4 e5 2. Nf3 Nc6 3. c3 Nf6 4. d4 Nxe4 5. d5 Ne7 6. Nxe5 Ng6 7. Qd4 Qf6 8.
Qxe4 Qxe5 9. Qxe5+ Nxe5 10. Nd2 b6 11. Nc4 Nxc4 12. Bxc4 Bd6 13. O-O O-O 14.
Re1 Bb7 15. Be3 Rfe8 16. Rad1 Re5 17. Bd4 Rh5 18. g3 Rd8 19. Be3 a5 20. f4 Re8
21. Kg2 Re6 22. a4 Kf8 23. h3 Rg6 24. Rf1 Rgh6 25. h4 Re6 26. Kf2 Re8 27. Rh1
Be7 28. Rhe1 Bd6 29. Kf3 Be7 30. Kg4 g6 31. Kh3 Bd8 32. f5 Bf6 33. d6 c5 34.
Bb5 Bf3 35. Rd2 Re4 36. Rf2 Bg4+ 37. Kg2 Bxf5 38. Rfe2 Rg4 39. Kf3 g5 40. hxg5
Bxg5 41. Bf2 Bf6 42. Re8+ Kg7 43. Rb8 Rh2 44. Ree8 h5 45. Rxb6 Rg6 46. Bxc5
Bg4+ 47. Kf4 Be6 48. Bd3 Rg5 49. Be3 Rh3 50. Bf2 Be5+ 51. Ke3 Bxg3 0-1

[Event "Piestany Pressburg op"]
[Site "Piestany"]
[Date "2007.11.16"]
[Round "4"]
[White "Reznicek, Marcel"]
[Black "Miciak, Emanuel"]
[Result "1-0"]
[WhiteElo "2082"]
[BlackElo "2021"]
[PlyCount "44"]
[EventDate "2007.11.14"]
[EventType "swiss"]
[EventRounds "7"]
[EventCountry "SVK"]
[SourceTitle "CBM 121 Extra"]
[Source "ChessBase"]
[SourceDate "2008.01.10"]
[SourceVersion "1"]
[SourceVersionDate "2008.01.10"]
[SourceQuality "1"]

1. e4 e5 2. Nf3 Nc6 3. c3 Nf6 4. d4 Nxe4 5. d5 Bc5 6. dxc6 Bxf2+ 7. Ke2 bxc6 8.
Qa4 Bb6 9. Qxe4 O-O 10. Kd1 d5 11. Qh4 f6 12. Nbd2 Bf5 13. g4 g5 14. Qg3 Bg6
15. h4 d4 16. Bc4+ Kg7 17. hxg5 dxc3 18. bxc3 e4 19. gxf6+ Qxf6 20. Nd4 h6 21.
g5 Qe7 22. Nxc6 Qc5 1-0

[Event "It (open)"]
[Site "Barrinha (Brazil)"]
[Date "2007.11.15"]
[Round "1"]
[White "Fuzetti, Agnaldo"]
[Black "Lima, Tiago"]
[Result "1-0"]
[WhiteElo "1842"]
[BlackElo "2015"]
[PlyCount "109"]
[EventDate "2007.??.??"]
[EventRounds "7"]
[SourceTitle "OM OTB B 201907"]
[Source "Opening Master"]
[SourceDate "2019.07.06"]
[SourceVersion "2"]
[SourceVersionDate "2019.07.06"]
[SourceQuality "1"]

1. e4 e5 2. Nf3 Nc6 3. c3 Nf6 4. d4 exd4 5. e5 Ng4 6. cxd4 Bb4+ 7. Nc3 O-O 8.
h3 Nh6 9. Bxh6 gxh6 10. Qd2 Bxc3 11. bxc3 Ne7 12. Qxh6 Nf5 13. Qg5+ Qxg5 14.
Nxg5 Re8 15. Bd3 d6 16. f4 Ng3 17. Rg1 dxe5 18. fxe5 f6 19. Nxh7 Nh5 20. Bg6
Re7 21. Bxh5 Rxh7 22. Bf3 Re7 23. O-O-O fxe5 24. Rge1 Bf5 25. Rxe5 Rxe5 26.
dxe5 Re8 27. Re1 b6 28. Bd5+ Kg7 29. Bb3 c5 30. Re3 b5 31. Bc2 Bxc2 32. Kxc2 b4
33. cxb4 cxb4 34. Kb3 a5 35. a3 bxa3 36. Kxa3 Kg6 37. Ka4 Kf5 38. e6 Kf4 39.
Re2 Kg3 40. Kxa5 Kf4 41. e7 Kf5 42. Kb6 Kf6 43. Kc6 Rxe7 44. Rxe7 Kxe7 45. Kd5
Kf6 46. Ke4 Kg5 47. g4 Kg6 48. Ke5 Kg5 49. Ke6 Kf4 50. Kf6 Kg3 51. g5 Kh4 52.
g6 Kh5 53. g7 Kh6 54. g8=Q Kh5 55. Qh7# 1-0

[Event "Budapest FS11 FM-A"]
[Site "Budapest"]
[Date "2007.11.12"]
[Round "10"]
[White "Csapo, Zoltan"]
[Black "Darazs, Zoltan"]
[Result "0-1"]
[WhiteElo "2117"]
[BlackElo "2256"]
[PlyCount "70"]
[EventDate "2007.11.03"]
[EventType "tourn"]
[EventRounds "11"]
[EventCountry "HUN"]
[SourceTitle "CBM 121 Extra"]
[Source "ChessBase"]
[SourceDate "2008.01.10"]
[SourceVersion "1"]
[SourceVersionDate "2008.01.10"]
[SourceQuality "1"]

1. e4 e5 2. Nf3 Nc6 3. c3 d5 4. Bb5 dxe4 5. Nxe5 Qd5 6. Bxc6+ bxc6 7. d4 exd3
8. O-O Be6 9. Re1 Bd6 10. c4 Qd4 11. Qf3 Ne7 12. Bf4 O-O 13. Nc3 d2 14. Re4 Qb6
15. Nd3 Bxf4 16. Rxf4 Ng6 17. c5 Qa6 18. Ra4 Qc8 19. h4 Rd8 20. h5 Qd7 21. Nb4
Bg4 22. Qxc6 d1=Q+ 23. Nxd1 Bxd1 24. Qxd7 Rxd7 25. Ra5 Nf8 26. c6 Rd4 27. Nd5
Ne6 28. Ne3 Be2 29. Re1 Bd3 30. Rd1 h6 31. Ra3 Bb5 32. Rc1 Rd6 33. Nf5 Rd2 34.
Rb3 Bd3 35. Ne3 Nd4 0-1